[Event "Poikovsky Karpov 20th"]
[Site "Poikovsky"]
[Date "2019.06.15"]
[Round "9"]
[White "Artemiev, Vladislav"]
[Black "Fedoseev, Vladimir1"]
[Result "1-0"]
[WhiteElo "2761"]
[BlackElo "2680"]
[PlyCount "111"]
[EventDate "2019.06.06"]
[EventType "tourn"]
[EventRounds "9"]
[EventCountry "RUS"]
[EventCategory "18"]
[SourceTitle "CBM 190 Extra"]
[Source "ChessBase"]
[SourceDate "2019.07.15"]
[SourceVersion "1"]
[SourceVersionDate "2019.07.15"]
[SourceQuality "1"]

1. Nf3 d5 2. g3 c6 3. Bg2 Bf5 4. O-O e6 5. d3 Nf6 6. b3 h6 7. Bb2 Nbd7 8. Nbd2 Bh7 9. e4 ({RR} 9. Re1 Bc5 10. e4 O-O 11. e5 Ne8 12. h4 a5 13. a3 b5 14. Nf1 Qb6 15. Qd2 Kh8 16. N1h2 Be7 17. Ng4 c5 18. Bc1 Rc8 19. Rb1 Qa6 20. Bf1 Qa7 21. Qe3 Qc7 22. Bd2 c4 23. bxc4 bxc4 {Van Foreest,J (2702)-Bortnyk,O (2604) Chess.com INT 2022 1-0 (42)}) 9... Bb4 $146 ({RR} 9... dxe4 10. dxe4 Nxe4 11. Nxe4 Bxe4 12. Qe2 Bxf3 13. Qxf3 Qg5 14. Rad1 Be7 15. h4 Qg6 16. Qf4 O-O-O 17. Qa4 Bc5 18. b4 Qg4 19. c4 Qxc4 20. Bxc6 Nb6 21. Qxa7 Bxf2+ 22. Kxf2 Qxc6 23. Bd4 Nc4 24. Rc1 {Forster,R (2459)-Dunis,A (2405) Leipzig 2002 1-0 (34)}) ({RR} 9... dxe4 10. dxe4 Nxe4 11. Nxe4 Bxe4 12. Qe2 Bxf3 13. Qxf3 Qe7 14. Rad1 O-O-O 15. Qe3 Kb8 16. Rfe1 Nb6 17. a4 Rxd1 18. Rxd1 f6 19. c4 Nc8 20. a5 a6 21. Bh3 Qc7 22. Qxe6 Bc5 23. Bc3 Rd8 24. Rxd8 {Sanal,V (2557)-Grebnev,A (2555) chess.com INT 2025 ½-½ (103)}) ({RR} 9... dxe4 10. dxe4 Nxe4 11. Nxe4 Bxe4 12. Re1 Bxf3 13. Qxf3 Qg5 14. Rad1 Qg6 15. Qf4 O-O-O 16. Be4 f5 17. Bxc6 bxc6 18. Qc4 Nc5 19. b4 Qg4 20. Rxd8+ Kxd8 21. Qxg4 fxg4 22. bxc5 Kd7 23. Rd1+ Kc8 24. Re1 {Adly,A (2586)-Mas,H (2439) Dresden 2008 1-0 (62)}) 10. a3 Ba5 11. Qe2 O-O 12. b4 Bc7 13. e5 Ne8 14. c4 g5 15. Nb3 Ng7 16. h3 Qe7 17. Bc3 Rae8 18. Rfe1 Bg6 19. Rad1 Bh5 20. g4 Bg6 21. Bd4 Bb6 22. Bc3 Rc8 23. Qb2 Rfd8 24. a4 c5 25. cxd5 exd5 26. bxc5 Bxc5 27. Nxc5 Nxc5 28. e6 Nxa4 29. Qb4 Qxb4 30. exf7+ Bxf7 31. Bxb4 Ne6 32. h4 Nf4 33. Bf1 Be6 34. Ra1 b5 35. hxg5 Bxg4 36. Ne5 Bf5 37. gxh6 Kh7 38. Bd2 Rg8+ 39. Kh1 Ne6 40. Nd7 Rgd8 41. Re5 Rc2 42. Ba5 Rxd7 43. Rxf5 Nd4 44. Bh3 Kxh6 45. Rf4 Ne2 46. Rfxa4 bxa4 47. Bxd7 Nf4 48. Kg1 Kg6 49. Bxa4 Rb2 50. Ra3 Kh5 51. Be8+ Kh6 52. Bd7 Rc2 53. Kh2 Rxf2+ 54. Kg3 Rf1 55. Bd2 Kg5 56. Be3 1-0

[Event "Asian Continental op 18th"]
[Site "Xingtai"]
[Date "2019.06.08"]
[Round "2"]
[White "Liu, Yan"]
[Black "Jumabayev, Rinat"]
[Result "1-0"]
[WhiteElo "2504"]
[BlackElo "2625"]
[PlyCount "71"]
[EventDate "2019.06.07"]
[EventType "swiss"]
[EventRounds "9"]
[EventCountry "CHN"]
[SourceTitle "CBM 190 Extra"]
[Source "ChessBase"]
[SourceDate "2019.07.15"]
[SourceVersion "1"]
[SourceVersionDate "2019.07.15"]
[SourceQuality "1"]

1. d4 g6 2. Nf3 Bg7 3. g3 c5 4. Bg2 cxd4 5. Nxd4 Nc6 6. c3 Nf6 7. e4 O-O 8. O-O d6 9. h3 ({RR} 9. Qe2 Bd7 10. Rd1 Rc8 11. f3 a6 12. Be3 e5 13. Nb3 Be6 14. Na3 Qe7 15. Nc4 Rcd8 16. Nb6 d5 17. Bc5 Qc7 18. Bxf8 Bxf8 19. Nxd5 Nxd5 20. exd5 Rxd5 21. Rxd5 Bxd5 22. Rd1 Bxb3 23. axb3 Qb6+ {Erigaisi,A (2559)-Xiong,J (2709) Chess.com INT 2020 1-0 (42)}) 9... e5 $146 ({RR} 9... Bd7 10. Be3 a6 11. Nd2 Rc8 12. Rc1 b5 13. f4 e5 14. Nc2 Nh5 15. Qf3 exf4 16. gxf4 f5 17. Kh2 Qe7 18. exf5 Bxf5 19. Nd4 Nxd4 20. Bxd4 Bh6 21. Rce1 Qf7 22. Ne4 Bxf4+ 23. Kg1 Be5 24. Bxe5 {Hegewald,R-Waschk,A (2245) Mecklenburg VP 1999 1-0 (55)}) ({RR} 9... Bd7 10. Be3 a6 11. Nd2 Rc8 12. N2b3 b5 13. Rc1 Ne5 14. Nd2 Qc7 15. Qe2 Nc4 16. Nxc4 bxc4 17. f4 e5 18. Nc2 Nh5 19. Kh2 f5 20. exf5 Bxf5 21. Nb4 exf4 22. Bxf4 Nxf4 23. Rxf4 Kh8 24. Nd5 {Venskaya,N (1871)-Priyanka,N (2292) FIDE Online Arena INT 2024 0-1 (42)}) ({RR} 9... Bd7 10. Be3 Qc8 11. Kh2 Rd8 12. Na3 Rb8 13. c4 a6 14. Rc1 Nxd4 15. Bxd4 Bc6 16. Re1 Qd7 17. Bb6 Rdc8 18. Nb1 h5 19. Nc3 h4 20. g4 Bh6 21. Rc2 Ne8 22. Ne2 e5 23. Nc3 Qe6 24. Nd5 {Liu,Y (2502)-Wen,Y (2602) Hangzhou 2019 1-0 (34)}) 10. Nc2 Be6 11. Ne3 Qd7 12. Kh2 b5 13. Na3 Rab8 14. b3 b4 15. Nac4 bxc3 16. Ba3 Nb4 17. Bxb4 Rxb4 18. Qd3 Bh6 19. Qxc3 Rfb8 20. Rad1 Bxe3 21. Nxe5 Qb5 22. Nd3 Bg5 23. f4 Rxe4 24. Bxe4 Nxe4 25. Qd4 Nxg3 26. Kxg3 Be7 27. Nf2 Qh5 28. Kg2 a5 29. Qe3 Rb4 30. Qf3 Qh4 31. Ng4 a4 32. Rd3 axb3 33. axb3 Bc8 34. Qa8 Kg7 35. Qxc8 h5 36. Qc3+ 1-0

[Event "Mumbai Mayors Cup 12th"]
[Site "Mumbai"]
[Date "2019.06.14"]
[Round "8"]
[White "Tukhaev, Adam"]
[Black "Turov, Maxim"]
[Result "1-0"]
[WhiteElo "2527"]
[BlackElo "2579"]
[PlyCount "75"]
[EventDate "2019.06.09"]
[EventType "swiss"]
[EventRounds "10"]
[EventCountry "IND"]
[SourceTitle "CBM 190 Extra"]
[Source "ChessBase"]
[SourceDate "2019.07.15"]
[SourceVersion "1"]
[SourceVersionDate "2019.07.15"]
[SourceQuality "1"]

1. Nf3 Nf6 2. g3 b5 3. Bg2 Bb7 4. O-O e6 5. d3 Be7 6. e4 d6 7. Ng5 h6 8. Nh3 c5 9. f4 Nc6 10. Nd2 Qc7 $146 ({RR} 10... Rc8 11. Nf2 c4 12. dxc4 bxc4 13. c3 O-O 14. Qe2 e5 15. Qxc4 exf4 16. gxf4 Re8 17. Qb5 Qc7 18. Nb3 Bf8 19. Be3 Qb8 20. Rfe1 Qa8 21. Nd2 Ne7 22. Qa4 a6 23. Nf1 Nf5 24. Bd2 Nh4 25. Bh1 {Manik,M (2425)-Stocek,J (2514) Presov 2000 0-1 (39)}) 11. Nf3 Nd4 12. Nxd4 cxd4 13. Bd2 Rc8 14. Rc1 Qb6 15. f5 e5 16. Nf2 Nd7 17. h4 Nc5 18. Qf3 Rc7 19. c3 dxc3 20. bxc3 Qa6 21. Rc2 Nd7 22. Rb2 Bc6 23. Rfb1 Qc8 24. Bh3 Qa8 25. c4 bxc4 26. f6 Bxf6 27. Bxd7+ Kxd7 28. Ng4 Qe8 29. dxc4 Qe6 30. Ba5 Rcc8 31. c5 dxc5 32. Ne3 Ke7 33. Nd5+ Bxd5 34. exd5 e4 35. Rb7+ Kf8 36. Qh5 Qe8 37. d6 g6 38. Qd5 1-0

[Event "Asian Continental blitz op"]
[Site "Xingtai"]
[Date "2019.06.15"]
[Round "6"]
[White "Praggnanandhaa, Rameshbabu"]
[Black "Gupta, Abhijeet"]
[Result "1-0"]
[WhiteElo "2537"]
[BlackElo "2606"]
[PlyCount "81"]
[EventDate "2019.06.15"]
[EventType "swiss (blitz)"]
[EventRounds "9"]
[EventCountry "CHN"]
[SourceTitle "CBM 191 Extra"]
[Source "ChessBase"]
[SourceDate "2019.09.30"]
[SourceVersion "1"]
[SourceVersionDate "2019.09.30"]
[SourceQuality "1"]

1. Nf3 Nf6 2. g3 g6 3. Bg2 Bg7 4. O-O O-O 5. d3 d5 6. Nbd2 Nc6 7. e4 e5 8. c3 a5 9. a4 Re8 10. Re1 ({RR} 10. exd5 Nxd5 11. Re1 h6 12. Nc4 Bf5 13. Nh4 Be6 14. Nf3 Bf5 15. Nh4 Be6 16. Qc2 Qd7 17. Nf3 Bf5 18. Nh4 Bg4 19. Qb3 Be6 20. Nf3 Nb6 21. Qb5 Nxc4 22. dxc4 f5 23. Be3 e4 24. Rad1 Qe7 {Amin,B (2699)-Narayanan,S (2611) chess24.com INT 2020 0-1 (45)}) 10... h6 11. Qc2 Be6 12. b3 ({RR} 12. exd5 Bxd5 13. Ne4 Nxe4 14. dxe4 Bc4 15. Rd1 Qc8 16. b3 Be6 17. Be3 g5 18. Nd2 Ne7 19. b4 Ng6 20. Nb3 b6 21. bxa5 bxa5 22. Nc5 Bc4 23. Bf1 Bxf1 24. Rxf1 Bf8 25. Nd3 Qe6 26. Rfb1 Red8 {Oro,F (2423)-Shirov,A (2650) chess.com INT 2025 ½-½ (98)}) 12... Qd7 $146 ({RR} 12... Nd7 13. Ng5 d4 14. Nxe6 Rxe6 15. Bh3 Rf6 16. Bb2 dxc3 17. Bxc3 Bf8 18. Kg2 Nc5 19. Re3 Nd4 20. Bxd4 Qxd4 21. Rd1 Qb4 22. Rb1 Na6 23. Rf3 Rxf3 24. Nxf3 Bg7 25. Nd2 Rd8 26. Kg1 Qc5 27. Qxc5 {Roos,L (2301)-Fernandez Garcia,J (2376) Lignano Sabbiadoro ITA 2024 0-1 (51)}) 13. Bb2 Rad8 14. Rad1 Bh3 15. Qb1 Qg4 16. b4 axb4 17. cxb4 dxe4 18. dxe4 Bxg2 19. Kxg2 Nh5 20. b5 Nb4 21. Kh1 Nd3 22. Rf1 Qh3 23. Nc4 Nhf4 24. Ne3 Bf8 25. Bc3 Bc5 26. Qc2 Nxf2+ 27. Rxf2 Bxe3 28. Rxd8 Rxd8 29. gxf4 Bxf2 30. Qxf2 Rd1+ 31. Be1 exf4 32. a5 Rb1 33. a6 bxa6 34. bxa6 Ra1 35. a7 Qc8 36. Qd4 Ra6 37. Bc3 f6 38. e5 Qa8 39. Qc4+ Kh7 40. Qxc7+ Kh8 41. Qb8+ 1-0

[Event "Asian Continental blitz op"]
[Site "Xingtai"]
[Date "2019.06.15"]
[Round "7"]
[White "Nihal, Sarin"]
[Black "Yakubboev, Nodirbek"]
[Result "1-0"]
[WhiteElo "2606"]
[BlackElo "2587"]
[PlyCount "63"]
[EventDate "2019.06.15"]
[EventType "swiss (blitz)"]
[EventRounds "9"]
[EventCountry "CHN"]
[SourceTitle "CBM 191 Extra"]
[Source "ChessBase"]
[SourceDate "2019.09.30"]
[SourceVersion "1"]
[SourceVersionDate "2019.09.30"]
[SourceQuality "1"]

1. Nf3 d5 2. e3 c5 3. b3 Nf6 4. Bb2 Nc6 5. Bb5 Bd7 6. O-O e6 7. c4 a6 8. Bxc6 Bxc6 9. Ne5 Rc8 10. d3 Be7 11. Nd2 O-O 12. Qe2 Be8 13. Rfd1 $146 ({RR} 13. f4 Nd7 14. Nxd7 Qxd7 15. e4 d4 16. e5 b5 17. Rae1 Qb7 18. Bc1 Bc6 19. Qg4 Kh8 20. Ne4 bxc4 21. bxc4 Qb1 22. Qh3 Qxa2 23. f5 exf5 24. Qxf5 Rb8 25. Rf2 Qb1 26. Nd6 Bxd6 27. exd6 Rbe8 {Khismatullin,D (2579)-Suleymenov,A (2513) Samarkand UZB 2023 1-0 (37)}) ({RR} 13. f4 Nd7 14. Nxd7 Qxd7 15. e4 d4 16. e5 b5 17. Rae1 Qb7 18. Bc1 Bc6 19. Qg4 Kh8 20. Ne4 bxc4 21. bxc4 Qb1 22. Qh3 Qxa2 23. f5 exf5 24. Qxf5 Rb8 25. Rf2 Qb1 26. Nd6 Bxd6 27. exd6 Rbe8 {Khismatullin,D (2579)-Suleymenov,A (2513) Samarkand UZB 2023 1-0 (37)}) 13... Nd7 14. Nef3 b5 15. Rac1 Qb6 16. cxd5 exd5 17. e4 dxe4 18. dxe4 f6 19. e5 Bg6 20. e6 Nb8 21. Nh4 Nc6 22. Nxg6 hxg6 23. Qg4 Nd8 24. Nf3 Qxe6 25. Qxg6 Qf7 26. Qg4 Qe6 27. Qh5 Qf7 28. Qh3 Ne6 29. Re1 Nf4 30. Qf5 Nd5 31. Re6 Rcd8 32. Rce1 1-0

[Event "Mentese"]
[Site "Mentese"]
[Date "2019.06.26"]
[Round "6.1"]
[White "Magalashvili, Davit"]
[Black "Annaberdiev, Meilis"]
[Result "1-0"]
[WhiteElo "2500"]
[BlackElo "2532"]
[PlyCount "100"]
[EventDate "2019.06.24"]
[EventType "schev"]
[EventRounds "10"]
[EventCountry "TUR"]
[SourceTitle "CBM 191 Extra"]
[Source "ChessBase"]
[SourceDate "2019.09.30"]
[SourceVersion "1"]
[SourceVersionDate "2019.09.30"]
[SourceQuality "1"]
[WhiteTeam "Red"]
[BlackTeam "BLUE"]

1. Nf3 e6 2. g3 b5 3. Bg2 Bb7 4. O-O Nf6 5. b3 c5 6. c4 bxc4 7. bxc4 Nc6 8. Nc3 Qc8 9. Rb1 Be7 10. d3 O-O 11. Bf4 $146 ({RR} 11. Qa4 Rb8 12. Bf4 d6 13. Nd2 Nb4 14. Bxb7 Rxb7 15. a3 Nc6 16. Rxb7 Qxb7 17. Rb1 Qd7 18. Qa6 h6 19. Rb7 Qc8 20. Nb5 e5 21. Be3 Ng4 22. Nxa7 Nxa7 23. Qxa7 Nxe3 24. Rxe7 Nf5 25. Rd7 Qc6 {Garcia Martinez,S-Rodriguez,R Polanica Zdroj 1975 1-0 (42)}) 11... d6 12. Nb5 Rd8 13. Qa4 a6 14. Nc3 Ra7 15. Rb2 h6 16. Rfb1 Ba8 17. Qd1 Rb7 18. Rxb7 Bxb7 19. Na4 Nd7 20. Nd2 g5 21. Be3 Qc7 22. f4 Rb8 23. fxg5 hxg5 24. Ne4 g4 25. Qd2 Nce5 26. Bg5 f6 27. Bh4 Kg7 28. Rf1 Rf8 29. Nac3 Ng6 30. Qb2 Nde5 31. Rb1 Bxe4 32. Nxe4 Nxh4 33. gxh4 f5 34. Ng5 Bxg5 35. hxg5 Rf7 36. Qb6 Qe7 37. Qxa6 f4 38. Qc8 Nd7 39. g6 Rf8 40. Qc6 Kxg6 41. Rb7 Rf7 42. a4 Kh6 43. Qe4 Qf6 44. a5 Kg7 45. Bf1 g3 46. a6 Qa1 47. a7 d5 48. cxd5 gxh2+ 49. Kxh2 Nf6 50. Rxf7+ Kxf7 1-0

[Event "Philadelphia int op 13th"]
[Site "Philadelphia"]
[Date "2019.06.29"]
[Round "4"]
[White "Lenderman, Aleksandr"]
[Black "Quesada Perez, Yasser"]
[Result "1-0"]
[WhiteElo "2640"]
[BlackElo "2568"]
[PlyCount "147"]
[EventDate "2019.06.27"]
[EventType "swiss"]
[EventRounds "9"]
[EventCountry "USA"]
[SourceTitle "EXT 2020"]
[Source "ChessBase"]
[SourceDate "2019.10.17"]
[SourceVersion "1"]
[SourceVersionDate "2019.10.17"]
[SourceQuality "1"]

1. Nf3 d5 2. e3 Nf6 3. c4 dxc4 4. Bxc4 e6 5. O-O c5 6. b3 Nc6 ({RR} 6... Be7 7. Bb2 O-O 8. d4 cxd4 9. Nxd4 a6 10. Be2 b5 11. Bf3 Ra7 12. a4 e5 13. Nc6 Nxc6 14. Bxc6 bxa4 15. Qxd8 Rxd8 16. Bxa4 e4 17. Bd4 Rb7 18. Nd2 Bb4 19. Nc4 Re7 20. h3 Bb7 21. Rfd1 {Deac,B (2700)-Vachier Lagrave,M (2737) chess.com INT 2023 ½-½ (33)}) ({RR} 6... Be7 7. Bb2 O-O 8. d4 cxd4 9. Nxd4 Bd7 10. Nd2 Nc6 11. N4f3 Qc7 12. Rc1 Rac8 13. a3 Rfd8 14. b4 Qb8 15. Qe2 Be8 16. h3 Nd5 17. Rfd1 Bf6 18. Ne4 Bxb2 19. Qxb2 Nce7 20. Ne5 Nb6 21. Ba2 {Donchenko,A (2632)-Blomqvist,E (2460) chess.com INT 2025 0-1 (68)}) ({RR} 6... Nbd7 7. Bb2 a6 8. Be2 Bd6 9. d4 O-O 10. Nbd2 b6 11. Nc4 Bc7 12. dxc5 Nxc5 13. Qxd8 Rxd8 14. Be5 Bxe5 15. Nfxe5 Nd5 16. Nc6 Rf8 17. Bf3 Bb7 18. Bxd5 exd5 19. Ne7+ Kh8 20. Nxb6 Rad8 21. Rac1 {Lenderman,A (2621)-Cervantes Landeiro,T (2238) Charlotte 2021 1-0 (62)}) 7. Bb2 Be7 8. Qe2 O-O $146 ({RR} 8... a6 9. d4 b5 10. Bd3 Nb4 11. Rd1 Nxd3 12. Rxd3 Qc7 13. Nbd2 cxd4 14. Nxd4 Bb7 15. Rc1 Qb6 16. N2f3 O-O 17. Ne5 Rac8 18. Rdd1 h6 19. Ndf3 Rxc1 20. Rxc1 Rc8 21. Rxc8+ Bxc8 22. Qc2 Bb7 23. Bd4 {Khademalsharieh,S (2494)-Krush,I (2429) Chess.com INT 2020 0-1 (37)}) ({RR} 8... a6 9. d4 b5 10. Bd3 Nb4 11. Rd1 Nxd3 12. Rxd3 Qc7 13. Nbd2 cxd4 14. Nxd4 Bb7 15. Rc1 Qb6 16. N2f3 O-O 17. Ne5 Rac8 18. Rdd1 h6 19. Ndf3 Rxc1 20. Rxc1 Rc8 21. Rxc8+ Bxc8 22. Qc2 Bb7 23. Bd4 {Khademalsharieh,S (2494)-Krush,I (2429) Chess.com INT 2020 0-1 (37)}) 9. Rd1 Bd7 10. d4 cxd4 11. Nxd4 Qa5 12. Nf3 Rfd8 13. a3 Be8 14. Nbd2 Qh5 15. b4 Nd7 16. Ne4 Nb6 17. Bb3 Rxd1+ 18. Rxd1 Rd8 19. Rc1 a6 20. Nc5 Rb8 21. Qe1 Qh6 22. Ne5 Bd6 23. Ng4 Qg6 24. f3 h5 25. Nf2 Be5 26. Bc3 Nd7 27. Nfd3 Bxc3 28. Qxc3 Nxc5 29. Nxc5 h4 30. Bc2 Qf6 31. Qxf6 gxf6 32. Ne4 Kg7 33. Nd6 Ne5 34. Be4 Bc6 35. Bxc6 Nxc6 36. Rc4 h3 37. Nxb7 Ne5 38. Rc7 Kg6 39. f4 Ng4 40. e4 Rh8 41. Rc3 f5 42. exf5+ Kxf5 43. Nd6+ Kf6 44. gxh3 Nh6 45. Kf2 Nf5 46. Ne4+ Kg6 47. Nc5 Rh4 48. Nd3 Kf6 49. Kg1 Rxh3 50. Nc5 Rxc3 51. Ne4+ Kg6 52. Nxc3 Kh5 53. Ne4 Nd4 54. Nc5 Nc2 55. Nxa6 Nxa3 56. h3 Kh4 57. Kh2 f6 58. Nc7 e5 59. b5 Nc4 60. Nd5 exf4 61. Nxf4 Nb6 62. Kg2 Kg5 63. Kg3 Kf5 64. h4 Nc4 65. h5 Kg5 66. Kf3 f5 67. Ke2 Kf6 68. Kd3 Nd6 69. b6 Ke5 70. Kc3 Kf6 71. Kd4 Kg5 72. Kd5 Nb7 73. Kc6 Na5+ 74. Kc7 1-0

[Event "Titled Tuesday intern op 2nd July"]
[Site "Chess.com INT"]
[Date "2019.07.02"]
[Round "3"]
[White "Chirila, Ioan Cristian"]
[Black "Abasov, Nijat Azad"]
[Result "1-0"]
[WhiteElo "2534"]
[BlackElo "2641"]
[PlyCount "91"]
[EventDate "2019.07.02"]
[EventType "swiss (blitz)"]
[EventRounds "10"]
[EventCountry "USA"]
[SourceTitle "EXT 2021"]
[Source "ChessBase"]
[SourceDate "2020.10.23"]
[SourceVersion "1"]
[SourceVersionDate "2020.10.23"]
[SourceQuality "1"]

1. Nf3 c5 2. g3 Nc6 3. d4 cxd4 4. Nxd4 g6 5. Bg2 Bg7 6. Nxc6 bxc6 7. O-O Rb8 8. c4 Nf6 9. Nc3 O-O 10. b3 d6 ({RR} 10... Bb7 11. Bb2 d6 12. Qc2 c5 13. Bxb7 Rxb7 14. e4 Nd7 15. f4 Nb8 16. Rad1 Nc6 17. e5 Nd4 18. Qg2 Rd7 19. exd6 Rxd6 20. Ne4 Re6 21. Kh1 Qc7 22. Rfe1 a5 23. Ng5 Rxe1+ 24. Rxe1 e6 25. Ne4 {Shevchenko,K (2694)-Martinez Alcantara,J (2619) chess.com INT 2023 ½-½ (62)}) 11. Bb2 c5 12. Qd2 ({RR} 12. Qc2 Bf5 13. e4 Be6 14. Rad1 Nd7 15. Nd5 Bxd5 16. exd5 a5 17. Bxg7 Kxg7 18. a4 Rb4 19. Rd3 Ne5 20. Rc3 Re8 21. f4 Ng4 22. h3 Nf6 23. Rd3 e6 24. dxe6 Rxe6 25. Rfd1 Qe7 26. Qd2 Re2 {Shamsi,M (2217)-Ryan,J (2231) chess.com INT 2024 0-1 (33)}) 12... Bb7 13. e4 $146 ({RR} 13. Nd5 Ng4 14. Bxg7 Kxg7 15. Rad1 Bxd5 16. Bxd5 Nf6 17. Bg2 a6 18. e4 Qc7 19. f4 Rfe8 20. h3 Rbd8 21. g4 Nd7 22. g5 Rf8 23. Kh1 f6 24. h4 Nb8 25. h5 Nc6 26. f5 Nd4 27. fxg6 hxg6 {Manukyan,S (2253)-Piskov,Y (2442) chess.com INT 2023 0-1 (75)}) ({RR} 13. Rad1 Bxg2 14. Kxg2 Qd7 15. f3 Rb7 16. Rfe1 Qc6 17. e4 Re8 18. Ba1 Rd7 19. Nd5 Nxd5 {½-½ (19) Wang,A (1703)-Mort,A (1961) Fishguard 2015}) 13... a5 14. Rfe1 Qc8 15. a4 Bc6 16. Nb5 Ra8 17. Bc3 Qb7 18. f3 Qb6 19. g4 Rfd8 20. h4 e5 21. h5 gxh5 22. g5 Nd7 23. Qxd6 Nf8 24. Qc7 Qa6 25. Rad1 Ne6 26. Rxd8+ Rxd8 27. Qxa5 Qxa5 28. Bxa5 Rd3 29. Rb1 h4 30. Be1 h3 31. Bxh3 Nxg5 32. Bg2 Nxf3+ 33. Bxf3 Rxf3 34. Nc3 f5 35. a5 fxe4 36. a6 e3 37. a7 e2 38. Nxe2 e4 39. Rd1 Rd3 40. Rxd3 exd3 41. Nf4 Bd4+ 42. Kf1 Be4 43. Nd5 Bf5 44. a8=Q+ Kf7 45. Qb7+ Kg6 46. Ne7+ 1-0

[Event "Titled Tuesday intern op 2nd July"]
[Site "Chess.com INT"]
[Date "2019.07.02"]
[Round "7"]
[White "Nakamura, Hikaru"]
[Black "Oparin, Grigoriy"]
[Result "1-0"]
[WhiteElo "2754"]
[BlackElo "2660"]
[PlyCount "109"]
[EventDate "2019.07.02"]
[EventType "swiss (blitz)"]
[EventRounds "10"]
[EventCountry "USA"]
[SourceTitle "EXT 2021"]
[Source "ChessBase"]
[SourceDate "2020.10.23"]
[SourceVersion "1"]
[SourceVersionDate "2020.10.23"]
[SourceQuality "1"]

1. Nf3 d5 2. b3 Nf6 3. Bb2 Bf5 4. Nh4 Bg6 5. Nxg6 hxg6 6. g3 c6 7. Bg2 Nbd7 8. d3 e5 9. Nd2 Bc5 10. e3 Qe7 11. a3 a5 $146 ({RR} 11... Bb6 12. Qe2 O-O 13. O-O Rfe8 14. Rad1 a5 15. h3 Bc5 16. Ra1 Bb6 17. Rfd1 Rad8 18. c4 Bc5 19. cxd5 cxd5 20. Rdc1 Rc8 21. a4 Bb4 22. Nf3 Rc6 23. Qd1 Rec8 24. d4 e4 25. Ne5 R6c7 26. Rxc7 {Csom,I (2475)-Johnsen,S (2215) Gausdal 1993 ½-½ (58)}) 12. Qe2 O-O 13. h4 Rfe8 14. g4 Rad8 15. g5 Nh5 16. Bf3 e4 17. dxe4 dxe4 18. Nxe4 Ne5 19. Bg2 a4 20. bxa4 Bb6 21. O-O Qe6 22. Rad1 Nc4 23. Bc1 Bc7 24. Rxd8 Rxd8 25. Rd1 Ra8 26. Nc5 Nf4 27. Nxe6 Nxe2+ 28. Kf1 Ng3+ 29. fxg3 fxe6 30. Bh3 Ne5 31. Bxe6+ Kf8 32. Bb3 Ke7 33. Ke2 Rf8 34. Bd2 Bd6 35. Rf1 Rxf1 36. Kxf1 Nf3 37. Bb4 c5 38. Bc3 Be5 39. Bxe5 Nxe5 40. Bd5 b6 41. Ke2 Kd6 42. Be4 Ke6 43. Kd2 Kd6 44. Kc3 Kc7 45. Kb3 Kb8 46. g4 Kc7 47. h5 Nf7 48. Bxg6 Nxg5 49. Kc4 Kc6 50. Be8+ Kd6 51. Kb5 Kc7 52. Bg6 Nf3 53. a5 bxa5 54. Kxc5 Ne5 55. g5 1-0

[Event "Titled Tuesday intern op 2nd July"]
[Site "Chess.com INT"]
[Date "2019.07.02"]
[Round "10"]
[White "Le, Tuan Minh"]
[Black "Studer, Noel"]
[Result "1-0"]
[WhiteElo "2517"]
[BlackElo "2510"]
[PlyCount "43"]
[EventDate "2019.07.02"]
[EventType "swiss (blitz)"]
[EventRounds "10"]
[EventCountry "USA"]
[SourceTitle "EXT 2021"]
[Source "ChessBase"]
[SourceDate "2020.10.23"]
[SourceVersion "1"]
[SourceVersionDate "2020.10.23"]
[SourceQuality "1"]

1. Nf3 d5 2. c4 d4 3. b4 f6 4. e3 e5 5. c5 a5 6. Qa4+ Bd7 7. b5 Bxc5 8. Bc4 Nh6 ({RR} 8... Ne7 9. exd4 exd4 10. Ba3 Bxa3 11. Nxa3 Bg4 12. Nxd4 Nd7 13. Nac2 Nb6 14. Qb3 Qd6 15. O-O a4 16. Qc3 O-O-O 17. h3 Bd7 18. Rfe1 Ned5 19. Bxd5 Nxd5 20. Qa5 Nb6 21. Re3 Rhe8 22. Rb1 Re5 23. Ra3 {Caruana,F (2823)-Topalov,V (2760) Saint Louis 2016 ½-½ (38)}) ({RR} 8... Ne7 9. Ba3 Bxa3 10. Qxa3 c6 11. bxc6 Nbxc6 12. O-O Nb4 13. Qb2 b5 14. Bb3 Bc6 15. a3 Nd3 16. Qc2 Be4 17. exd4 Rc8 18. Qd1 a4 19. Ba2 Bxf3 20. Qxf3 Qxd4 21. Nc3 b4 22. axb4 Nxb4 23. Be6 {Mekhitarian,K (2554)-Studer,N (2579) Chess.com INT 2021 1-0 (60)}) 9. exd4 exd4 10. O-O ({RR} 10. Ba3 Na6 11. O-O Nb4 12. Re1+ Kf8 13. d3 Nf5 14. Nbd2 Nd6 15. Ne4 Nxe4 16. Rxe4 Bf5 17. Rf4 Bxd3 18. Bxd3 Nxd3 19. Bxc5+ Nxc5 20. Qxd4 Qxd4 21. Rxd4 Kf7 22. Rad1 Rhe8 23. Rd5 b6 24. g3 Re7 {Da Rosa,H (2003)-Kujawski,A (2115) chess.com INT 2025 0-1 (42)}) 10... Kf8 $146 ({RR} 10... Nf5 11. Re1+ Kf8 12. Ba3 Na6 13. Nxd4 Nb4 14. Nb3 b6 15. Nxc5 bxc5 16. Nc3 g6 17. Ne4 Nd6 18. Nxc5 Nxc4 19. Nxd7+ Qxd7 20. Bxb4+ Nd6 21. Bc3 Kg7 22. Qd4 Rhf8 23. a4 Rf7 24. Qd5 Qd8 25. g4 {Rasmussen,A (2517)-Farago,I (2428) Amantea 2014 1-0}) ({RR} 10... Nf5 11. Re1+ Kf8 12. Ba3 Bxa3 13. Qxa3+ Nd6 14. Nxd4 g6 15. b6 Nc6 16. bxc7 Qxc7 17. Nb5 Qb8 18. Qxd6+ Qxd6 19. Nxd6 Nd4 20. Na3 h5 21. Rab1 Bc6 22. Nab5 Bxb5 23. Nxb5 Nc6 24. Nd6 Ne5 25. Rxb7 {Shuvalov,E (2182)-Estrada Nieto,J (2280) Chess.com INT 2021 1-0}) 11. Ba3 b6 12. Nxd4 Qe7 13. Bd5 Ra7 14. Bxc5 Qxc5 15. Nc3 Na6 16. bxa6 Bxa4 17. Ne6+ Ke7 18. Nxc5 Bc2 19. Rfe1+ Kd6 20. Rac1 Kxc5 21. Rxc2 b5 22. Bb7 1-0

[Event "HUN-ch rapid"]
[Site "Ajka"]
[Date "2019.07.20"]
[Round "7"]
[White "Gledura, Benjamin"]
[Black "Horvath, Adam"]
[Result "1-0"]
[WhiteElo "2654"]
[BlackElo "2517"]
[PlyCount "61"]
[EventDate "2019.07.19"]
[EventType "swiss (rapid)"]
[EventRounds "13"]
[EventCountry "HUN"]
[SourceTitle "CBM 191 Extra"]
[Source "ChessBase"]
[SourceDate "2019.09.30"]
[SourceVersion "1"]
[SourceVersionDate "2019.09.30"]
[SourceQuality "1"]

1. Nf3 c5 2. g3 Nc6 3. Bg2 g6 4. d4 cxd4 5. Nxd4 Bg7 6. Nxc6 bxc6 7. O-O Nf6 8. c4 O-O 9. Nc3 Rb8 10. Qc2 c5 ({RR} 10... d5 11. cxd5 cxd5 {½-½ (11) Fodor,T (2517)-Neverov,V (2388) Budapest HUN 2022}) 11. e4 ({RR} 11. Bf4 d6 12. Rad1 Qb6 13. b3 Bb7 14. Bxb7 Qxb7 15. e4 Ng4 16. Nd5 Ne5 17. Bxe5 Bxe5 18. f3 e6 19. Nc3 f5 20. exf5 gxf5 21. Kg2 a6 22. Rfe1 Qg7 23. Rd3 f4 24. g4 h5 25. h3 Qg5 {Gorkavij,V (2333)-Womacka,M (2359) chess.com INT 2024 0-1 (44)}) 11... d6 12. b3 Ng4 13. f4 $146 ({RR} 13. h3 Ne5 14. Be3 Nc6 15. Rad1 Qa5 16. Nd5 e6 17. Bd2 Qd8 18. Ne3 a5 19. Bc3 Bd4 20. e5 Bxc3 21. Rxd6 Nd4 22. Rxd8 Nxc2 23. Rxf8+ Kxf8 24. Nxc2 Bxe5 25. Re1 Bf6 26. Rd1 Ke7 27. Bc6 Rb6 {Zhelesny,S-Cherniak,L (2415) Odessa 1991 ½-½ (61)}) 13... Qa5 14. Bd2 Ne3 15. Bxe3 Qxc3 16. Qxc3 Bxc3 17. Rad1 Bb7 18. e5 Rfe8 19. Rd3 Ba5 20. g4 Bc7 21. f5 a5 22. e6 fxe6 23. fxe6 Bxg2 24. Kxg2 Rf8 25. Rxf8+ Rxf8 26. Bh6 Rf6 27. Rf3 g5 28. Rxf6 exf6 29. Kf3 d5 30. cxd5 Bxh2 31. Ke4 1-0